Dynamika strategických rozhodnutí

Manažéri sa pri rozhodovaní o nových investíciách riadia väčšinou Cash - Flowom. Niektorým ale statické informácie, ktoré vyplývajú účtovníctva nestačia. Účtovníctvo im nedá odpoveď na to, aké bude mať ich terajšie rozhodnutie následky v budúcnosti a ako sa budú vyvíjať nimi sledované ukazovatele v...

Description complète

Enregistré dans:
Détails bibliographiques
Auteur principal: Mikušová, Nora, 1978-
Autres auteurs: Kintler, Jakub, 1979-
Format: Chapitre de livre
Langue:slovaque
Sujets:
Tags: Ajouter un tag
Pas de tags, Soyez le premier à ajouter un tag!

MARC

LEADER 00000nla$a2200000$$$4500
001 0104073
005 20240502072134.0
041 0 |a slo 
044 |a SK 
245 1 0 |a Dynamika strategických rozhodnutí  |c Nora Mikušová, Jakub Kintler 
520 |a Manažéri sa pri rozhodovaní o nových investíciách riadia väčšinou Cash - Flowom. Niektorým ale statické informácie, ktoré vyplývajú účtovníctva nestačia. Účtovníctvo im nedá odpoveď na to, aké bude mať ich terajšie rozhodnutie následky v budúcnosti a ako sa budú vyvíjať nimi sledované ukazovatele v určitom ohraničenom alebo neohraničenom časovom období. Na tieto otázky im môže dať odpoveď dynamika - dynamický model nimi skúmaného problému. 
610 2 0 |a rozhodovanie strategické 
610 2 0 |a manažéri 
610 2 0 |a cash flow 
610 2 0 |a modely dynamické 
100 1 |a Mikušová, Nora, 1978- 
700 1 |a Kintler, Jakub, 1979-